000 00742nam a2200229 a 4500
005 20140311163029.0
008 100303s19uu xx 00 eng d
020 _a9789812722874
050 _aRM 301
_b.Z58 2008
100 _aZerwekh, JoAnn
245 _aMosby's pharmacology memory note cards :
_bvisual, mnemonic, and memory aids for nurses /
_cJoAnn Zerwekh, Jo Carol Claborn, Tom Gaglione.
250 _a2nd. ed.
260 _aSingapore :
_bElsevier,
_c2008.
300 _a188 p. :
_bill. col. ;
_c15 cm.
521 _aNUR
650 _aPharmacology
_xNurse's instruction.
650 _aDrug Theraphy
_xNurse's instruction.
700 _aClaborn, Jo Carol
700 _aGaglione, Tom
942 _cBK
_2lcc
_kFOR
999 _c39601
_d39601